Normal view
MARC view
- Life care communities
Entry Geographic Name
001 - CONTROL NUMBER
- control field: 120529
003 - CONTROL NUMBER IDENTIFIER
- control field: NUST
005 - DATE AND TIME OF LATEST TRANSACTION
- control field: 20240215114925.0
008 - FIXED-LENGTH DATA ELEMENTS
- fixed length control field: 240215|| aca||aabn | a|a d
040 ## - CATALOGING SOURCE
- Original cataloging agency: NUST
- Transcribing agency: NUST
151 ## - HEADING--GEOGRAPHIC NAME
- Geographic name: Life care communities
670 ## - SOURCE DATA FOUND
- Source citation: Work cat.: (NUST): Uffelen, Chris van 118865, Residential architecture for senior citizens/, 2012.
